000 01147nam a22002777a 4500
005 20100918105748.0
008 100918t xxu||||| |||| 00| 0 mar d
010 _aMAR-20290
020 _c150.00
_a9788184981308
035 _aMR-12948
037 _bDBAD/PUB
040 _aDPL
_bMR
082 _a181.499
100 _920631
_aओशो
245 _aमीरा एक वसंत आहे /
_cओशो: स्वाती चांदोरकर द्वारा अनुवादित
246 _aMeera Ek Vasant Ahe
_bby Osho
260 _aपुणे
_bमेहता पब्लिशिंग हाऊस
_c2010
270 _a1941, सदाशिव पेठ,माडीवाले कॉलनी
_bपुणे
300 _aसात,188पृ
_c21 सेमी (अजिल्द)
650 _920632
650 _920633
700 _921188
700 _921189
942 _2ddc
_cMR
_mओशोमी
_h181.499
999 _c47717
_d47717